000 00407 a2200169 4500
001 58836
020 _a8576665980
040 _cAnchieta - Pituba
100 _aBigotto, José Francisco
240 1 0 _aGeografia sociedade e cotidiano
_lpor
245 1 0 _aGeografia sociedade e cotidiano
300 _a256
362 0 _a2006
440 1 _aEscala Educacional
650 4 _aGeografia e viagens
942 _cBK
999 _c58836
_d58836